[Rezension von: Alfons K. L. Thijs (Hrsg.), De Bibliotheek van Pieter Pauwel Rubens]
Saved in:
| Published in: | Kunstform 3(2002), 10 |
|---|---|
| Main Author: | |
| Document Type: | Online Resource Article |
| Language: | German |
| Published: |
2002
|
| Subjects: | |
| Online Access: | kostenfrei |
| Related Items: | Enthalten in:
Kunstform Rezension von: De bibliotheek van Pieter Pauwel Rubens |
| Author Notes: | rezensiert von Nils Büttner |
| LEADER | 01714naa a2200337 c 4500 | ||
|---|---|---|---|
| 001 | 1920832815 | ||
| 003 | DE-627 | ||
| 005 | 20250331085335.0 | ||
| 007 | cr uuu---uuuuu | ||
| 008 | 250331s2002 xx |||||oo 00| ||ger c | ||
| 035 | |a (DE-627)1920832815 | ||
| 035 | |a (DE-599)KXP1920832815 | ||
| 040 | |a DE-627 |b ger |c DE-627 |e rda | ||
| 041 | |a ger | ||
| 084 | |a KUNST |q DE-16 |2 fid | ||
| 100 | 1 | |a Büttner, Nils |d 1967- |e VerfasserIn |0 (DE-588)122160746 |0 (DE-627)081772963 |0 (DE-576)171381475 |4 aut | |
| 245 | 1 | 0 | |a [Rezension von: Alfons K. L. Thijs (Hrsg.), De Bibliotheek van Pieter Pauwel Rubens] |c rezensiert von Nils Büttner |
| 264 | 1 | |c 2002 | |
| 300 | |b Illustrationen | ||
| 336 | |a Text |b txt |2 rdacontent | ||
| 337 | |a Computermedien |b c |2 rdamedia | ||
| 338 | |a Online-Ressource |b cr |2 rdacarrier | ||
| 655 | 7 | |a Rezension |0 (DE-588)4049712-4 |0 (DE-627)106186019 |0 (DE-576)209083166 |2 gnd-content | |
| 773 | 0 | 8 | |i Enthalten in |t Kunstform |d München : Ludwig-Maximilians-Universität München, Institut für Kunstgeschichte, 2000 |g 3(2002), 10 |h Online-Ressource |w (DE-627)382929004 |w (DE-600)2140180-9 |w (DE-576)281244731 |x 1618-7199 |7 nnas |
| 773 | 1 | 8 | |g volume:3 |g year:2002 |g number:10 |
| 787 | 0 | 8 | |i Rezension von |a Arents, Prosper, 1889 - 1984 |t De bibliotheek van Pieter Pauwel Rubens |d Antwerpen : Vereniging der Antwerpse Bibliofielen, 2001 |h 387 S. |w (DE-627)116715908X |w (DE-576)097159085 |
| 856 | 4 | 0 | |u https://www.arthistoricum.net/kunstform/rezension/ausgabe/2002/10/3203 |x Verlag |z kostenfrei |3 Volltext |7 0 |
| 951 | |a AR | ||
| 994 | |u https://www.arthistoricum.net/themen/rezensionen/kunstform/rezension/ausgabe/2002/10/3203 | ||
| 991 | |a Rezension (Monographie, Zeitschrift, Aufsatz) | ||
| 999 | |a KXP-PPN1920832815 |e 4949254855 | ||


